Statistiques concernant Histoire suisse

Cliquez ici pour prendre le quiz!

Statistiques générales

  • Ce quiz a été pris 345 fois
  • Le résultat moyen est 11 sur 36

Statistiques - réponses

AnnéeDescriptionRéponse% Correct
2002La Suisse adhère à cette organisation internationale majeure, dont elle accueille déjà le siège des droits de l'homme à GenèveONU
69%
1291Elle est fondée par un pacte entre les hommes libres des vallées d'Uri, de Schwytz et de NidwaldLa Confédération des 3 cantons
68%
1832Ce canton est divisé par une guerre civile entre ville et campagneBâle
57%
1863Henri Dunant, Guillaume-Henri Dufour, Louis Appia, Gustave Moynier et Théodore Maunoir créent cette organisation humanitaire suite à la bataille de SolférinoLa Croix-Rouge
57%
800La Suisse est incorporée à l'empire de ce FrancCharlemagne
53%
1515L'expansion des Confédérés est freinée par les Français lors de cette bataille des guerres d'ItalieBataille de Marignan
51%
1541Après la fuite de l'évêque de Genève, cet homme fait de la ville une "Rome protestante", sous un régime théocratiqueJean Calvin
49%
1979La région francophone du canton de Berne est érigée en canton autonomeJura
46%
1954La Suisse accueille cette compétition sportive majeure pour la première et dernière foisCoupe du monde de football
44%
1848Ce texte crée la Suisse, sous la forme d'Etat fédéral qu'elle revêt encore aujourd'huiConstitution de 1848
42%
962La future Suisse est intégrée au territoire de ce nouvel empireSaint-Empire
42%
1920Cette organisation internationale établit son siège à GenèveLa Société des Nations
39%
1868La convention de Mannheim permet à la ville de Bâle d'offrir à la Suisse un accès à...La mer
35%
1792800 d'entre eux sont massacrés au Palais des Tuileries lors de la Révolution françaiseGardes suisses
33%
1847Dernière guerre civile de la Confédération, opposant progressistes et conservateurs. Ceux-ci sont défaits par les troupes du général DufourGuerre du Sonderbund
33%
1523Ulrich Zwingli initie cette importante révolution religieuse au sein de la ConfédérationLa réforme protestante
33%
1618-1648Ce conflit européen donne naissance à la neutralité armée de la ConfédérationLa guerre de trente ans
32%
1597La contre-réforme des Jésuites divise ce canton en deux parties, l'une catholique et l'autre protestanteAppenzell
28%
1315Les Waldstaetten infligent une lourde défaite aux Habsbourg, qui viennent mater les paysans des cantons fondateursBataille de Morgarten
28%
1971Les Suisses introduisent cette institution démocratique déjà connue dans plusieurs cantonsLe suffrage féminin
28%
1602Attaque de nuit sur la ville de Genève, ordonnée par le Duc de Savoie Charles-Emmanuel IerEscalade
25%
1874Lors du mouvement anticlérical du Kulturkampf, la Suisse rompt ses relations diplomatiques avec cet étatLe Saint-Siège
24%
443Genève devient la capitale de ce peupleLes Burgondes
23%
1798-1815La défaite de Berne face aux troupes françaises marque la fin de la Confédération et le début de cette nouvelle période, où la Suisse devient un protectorat françaisLa République Helvétique
22%
1648Par ces traités, le Saint-Empire reconnait l'indépendance de la ConfédérationTraités de Westphalie
19%
1386La Confédération des VIII y repousse une première attaque des HabsbourgBataille de Sempach
16%
1815Cette période débute par la fin de l'occupation française et le retour des institutions confédéralesLa Restauration
16%
1474-1477Cet empereur est défait par trois fois (à Grandson, Morat et Nancy) lors d'une guerre que lui livrent les ConfédérésCharles le Téméraire
14%
1918Déclarée par le Comité d'Olten, elle permet la réalisation de plusieurs revendications comme la limitation du travail hebdomadaire à 48 heuresGrève générale
13%
58 av. J-CLes Helvètes y sont défaits par Jules CésarBataille de Bibracte
9%
1531Les protestants sont défaits par les catholiques dans ce conflit religieuxGuerres de Kappel
9%
1388La Confédération des VIII y repousse une seconde attaque des HabsbourgBataille de Näfels
4%
1436-1450Les Confédérés, en particulier les cantons de Zurich et Schwytz, se battent pour la conquête des terres du Toggenbourg lors de ce conflitAncienne guerre de Zurich
3%
1498-1499A la fin de ce conflit, le Saint-Empire renonce à ses droits sur le territoire de la Confédération des XIIIGuerre de Souabe
3%
1656 et 1712Lieu où se déroulent les dernières guerres religieuses de la ConfédérationVillmergen
2%
1932A l'occasion de deux manifestations à Genève, respectivement de l'extrême-gauche et de l'extrême-droite, l'armée tire sur la foule lors de cet incidentFusillade de Genève
1%

Distribution des résultats

Percentile par nombre de réponses

% des personnes avec chaque résultat

Votre développement - résultats

Vous n’avez pas pris ce quiz